|
|
|
|
| LEADER |
00843nam a2200229 a 4500 |
| 001 |
GR-Patra14406 |
| 008 |
020128s1996 gr g 000 0 eng d |
| 020 |
|
|
|a 0074624539
|
| 040 |
|
|
|a GrPaTEI
|b gre
|c GR-PaULI
|
| 040 |
|
|
|a GrPaTEI
|b gre
|c GR-PaULI
|
| 082 |
|
0 |
|a 621.47
|2 21
|
| 100 |
1 |
|
|a Sukhatme, Suhas P.
|
| 245 |
1 |
0 |
|a Solar energy :
|b principles of thermal collection and storage /
|c Suhas P Sukhatme.
|
| 250 |
|
|
|a 2nd ed.
|
| 260 |
|
|
|a New Delhi :
|b Tata McGraw-Hill publishing,
|c c1996
|
| 300 |
|
|
|a xvii, 426σ.
|
| 650 |
|
0 |
|a SOLAR ENERGY
|
| 710 |
0 |
|
|a McGraw-Hill
|
| 942 |
|
|
|2 ddc
|
| 952 |
|
|
|0 0
|1 0
|2 ddc
|4 0
|6 621_470000000000000_SUK
|7 0
|9 293447
|a LISK
|b LISK
|c BSC
|d 2021-01-17
|e 24
|f 0
|g 0.00
|l 0
|o 621.47 SUK
|p 92410019288
|r 2021-01-17 00:00:00
|t 1
|w 2021-01-17
|y BK15
|x 20020128 0 1
|x GrPaTEI
|
| 971 |
|
|
|a .b26619210
|b 15-04-20
|c 23-09-16
|
| 999 |
|
|
|c 171492
|d 171492
|